A history of the expansion of Christianity / (Record no. 4932)
[ view plain ]
| 000 -LEADER | |
|---|---|
| fixed length control field | 01293cam a22002651a 4500 |
| 001 - CONTROL NUMBER | |
| control field | 9709863 |
| 003 - CONTROL NUMBER IDENTIFIER | |
| control field | OSt |
| 005 - DATE AND TIME OF LATEST TRANSACTION | |
| control field | 20181218100231.0 |
| 008 - FIXED-LENGTH DATA ELEMENTS--GENERAL INFORMATION | |
| fixed length control field | 820810m19371945nyub b 001 0 eng |
| 010 ## - LIBRARY OF CONGRESS CONTROL NUMBER | |
| LC control number | 37020993 |
| 035 ## - SYSTEM CONTROL NUMBER | |
| System control number | (OCoLC)8675987 |
| 040 ## - CATALOGING SOURCE | |
| Original cataloging agency | DLC |
| Transcribing agency | OrStbM |
| Modifying agency | OCoLC |
| -- | ODaWU |
| -- | OCoLC |
| -- | TxKT |
| -- | DLC |
| 042 ## - AUTHENTICATION CODE | |
| Authentication code | premarc |
| 050 00 - LIBRARY OF CONGRESS CALL NUMBER | |
| Classification number | BR145 |
| Item number | .L3 |
| 082 ## - DEWEY DECIMAL CLASSIFICATION NUMBER | |
| Classification number | REF 270 |
| Item number | L359H |
| 100 1# - MAIN ENTRY--PERSONAL NAME | |
| Personal name | Latourette, Kenneth Scott, |
| Dates associated with a name | 1884-1968. |
| 245 12 - TITLE STATEMENT | |
| Title | A history of the expansion of Christianity / |
| Statement of responsibility, etc. | by Kenneth Scott Latourette. |
| 260 ## - PUBLICATION, DISTRIBUTION, ETC. | |
| Place of publication, distribution, etc. | New York ; |
| -- | London : |
| Name of publisher, distributor, etc. | Harper & Brothers, |
| Date of publication, distribution, etc. | 1937-1945. |
| 300 ## - PHYSICAL DESCRIPTION | |
| Extent | 7 v. : |
| Other physical details | maps (some fold.) ; |
| Dimensions | 25 cm. |
| 504 ## - BIBLIOGRAPHY, ETC. NOTE | |
| Bibliography, etc. note | Includes bibliographies and indexes. |
| 505 0# - FORMATTED CONTENTS NOTE | |
| Formatted contents note | 1. The first five centuries -- 2. The thousand years of uncertainty, A.D. 500-A.D. 1500 -- 3. Three centuries of advance, A.D. 1500-A.D. 1800 -- 4. The great century, A.D. 1800-A.D. 1914. Europe and the United States of America -- 5. The great century in the Americas, Australasia, and Africa, A.D. 1800-A.D. 1914 -- 6. The great century in Northern Africa and Asia, A.D. 1800-A.D. 1914 -- 7. Advance through storm, A.D. 1914 and after, with concluding generalizations. |
| 650 #0 - SUBJECT ADDED ENTRY--TOPICAL TERM | |
| Topical term or geographic name entry element | Church history. |
| 906 ## - LOCAL DATA ELEMENT F, LDF (RLIN) | |
| a | 7 |
| b | cbc |
| c | oclcrpl |
| d | u |
| e | ncip |
| f | 19 |
| g | y-gencatlg |
| 942 ## - ADDED ENTRY ELEMENTS (KOHA) | |
| Source of classification or shelving scheme | Dewey Decimal Classification |
| Koha item type | Reference |
| Withdrawn status | Lost status | Source of classification or shelving scheme | Damaged status | Not for loan | Collection code | Home library | Current library | Shelving location | Date acquired | Cost, normal purchase price | Total Checkouts | Full call number | Barcode | Date last seen | Price effective from | Koha item type |
|---|---|---|---|---|---|---|---|---|---|---|---|---|---|---|---|---|
| Dewey Decimal Classification | Not For Loan | Reference | Harvest Mission College | Harvest Mission College | Reference | 18.12.2018 | 8500.00 | REF 270 L359H | 005597 | 18.12.2018 | 18.12.2018 | Reference |
